Представление документа в формате MARC21

Поле Инд. ПП Название Значение
Тип записи a
Библиографический уровень m
001 Контрольный номер ead8b7ca-57c9-4c8b-86f0-234fa93fc943
005 Дата корректировки 20140226194912.9
008 Кодируемые данные 991113 d
020 a ISBN 5-88874-013-6
c Цена, тираж 5.30
040 a Служба первич. каталог. НБ ТвГУ
041 a Код языка текста rus
080 a Индекс УДК 947.0(075.8)
084 a Индекс другой классификации/Индекс ББК Т3(2)я731-1
a Индекс другой классификации/Индекс ББК Т3(2)4я731-1
090 c Каталожный индекс Т3(2)я731-1 + Т3(2)4я731-1
x Авторский знак И90
a Полочн. индекс Т3(2)
245 0_ a Заглавие История России
n Номер части/ раздела Ч. 1
p Название части/ раздела С древнейших времен до конца XVII века / Авт.: В.И. Гальцов, А.С. Забоенкова
b Продолж. заглавия Учеб. пособие
c Ответственность Калинингр. гос. ун-т
260 0_ a Место издания Калининград
b Издательство Изд-во Калинингр. ун-та
c Дата издания 1996
300 a Объем 85,[1] с.
583 a Действие Получение впервые 272 18.05.98
k Исполнитель действия Обмен
650 a Основная рубрика Россия
x Основная подрубрика История
x Основная подрубрика Учебники для вузов
653 a Ключевые слова Восточные славяне
a Ключевые слова История России
a Ключевые слова Древнерусское государство
a Ключевые слова Киевская Русь
a Ключевые слова Россия
700 1_ a Другие авторы Гальцов Валерий Иванович
e Роль лиц авт.
700 1_ a Другие авторы Забоенкова Алла Станиславовна
e Роль лиц авт.
852 t Порядковый номер экземпляра 1
p Инвентарный номер 696446
888 a Бесплатные
930 a Новая/Ретро Учебники
952 p 272.98 5.30 1 696446
c Вид литературы К ру
954 a Дата поступления на обработку 20.05.98
999 a Подразделение 2 ч.з.